| 000 | 00592nam a2200193 a 4500 | ||
|---|---|---|---|
| 999 |
_c3182 _d3182 |
||
| 003 | OSt | ||
| 005 | 20210218102918.0 | ||
| 008 | 940412s1993 pn f000 1 spa | ||
| 010 | _a | ||
| 020 | _a9782729106638 | ||
| 040 |
_aDLC _cKABLIB _dKABLIB |
||
| 082 |
_223 _a841.9 _bCLU |
||
| 100 | 2 |
_aCluny, Claude Michel. _d1944- _98361 |
|
| 245 | 1 | 3 |
_aOeuvre Poétique / _cClaude Michel Cluny. |
| 250 | _a1. ed. | ||
| 260 |
_a[Panamá] : _bInstituto Nacional de cultura, Dirección Nacional de Extensión Cultural, Departamento de Letras, _cc1993. |
||
| 300 |
_a500 p. ; _c24 cm. |
||
| 942 |
_2ddc _cBOOK |
||